[Event "GER-ch 2014-C email"]
[Site "GER email"]
[Date "2016.11.28"]
[Round "?"]
[White "Jacob, Peter"]
[Black "Just, Joachim"]
[Result "1/2-1/2"]
[WhiteElo "2298"]
[BlackElo "2171"]
[PlyCount "66"]
[EventDate "2016.??.??"]
[EventType "tourn (corr)"]
[EventRounds "12"]
[EventCountry "GER"]
[SourceTitle "Corr 2017"]
[Source "ChessBase"]
[SourceDate "2017.09.19"]
[SourceVersion "1"]
[SourceVersionDate "2017.09.19"]
[SourceQuality "1"]

1. d4 d5 2. c4 c6 3. Nf3 Nf6 4. Nc3 e6 5. e3 Nbd7 6. Bd3 dxc4 7. Bxc4 b5 8. Bd3 a6 9. e4 c5 10. d5 Bb7 11. 0-0 Qc7 12. Qe2 c4 13. Bc2 Bd6 14. dxe6 fxe6 15. Nd4 Nc5 16. f4 e5 17. Ndxb5 axb5 18. Nxb5 Qb6 19. Nxd6+ Qxd6 20. fxe5 Qxe5 21. Rf5 Qe7 22. Qxc4 Rc8 23. Qb5+ Ncd7 24. Qxb7 Rxc2 25. Bg5 Rf8 26. Re1 Qe6 27. e5 Qxf5 28. exf6+ Kf7 29. Re7+ Kg6 30. Rxg7+ Kh5 31. h3 Qc5+ 32. Kh1 Rc1+ 33. Bxc1 Qxc1+ 1/2-1/2

[Event "GER-ch 2014-C email"]
[Site "GER email"]
[Date "2016.11.28"]
[Round "?"]
[White "Traut, Werner"]
[Black "Jacob, Peter"]
[Result "1/2-1/2"]
[WhiteElo "2354"]
[BlackElo "2298"]
[PlyCount "102"]
[EventDate "2016.??.??"]
[EventType "tourn (corr)"]
[EventRounds "12"]
[EventCountry "GER"]
[SourceTitle "Corr 2020"]
[Source "ChessBase"]
[SourceDate "2019.09.30"]
[SourceVersion "1"]
[SourceVersionDate "2019.09.30"]
[SourceQuality "1"]

1. e4 c6 2. d4 d5 3. Nc3 dxe4 4. Nxe4 Nd7 5. Nf3 Ngf6 6. Ng3 e6 7. Bd3 c5 8. 0-0 cxd4 9. Nxd4 Bc5 10. Nb3 Be7 11. Re1 0-0 12. Qf3 a5 13. a4 Nb6 14. Nh5 Nxh5 15. Qxh5 g6 16. Qf3 Qc7 17. Bf4 Bd6 18. Bxd6 Qxd6 19. Be4 Qb4 20. Qf6 Nxa4 21. h4 Nb6 22. h5 Nd7 23. Qg5 Kg7 24. Rad1 h6 25. Qc1 g5 26. Bf3 a4 27. Nd4 Nf6 28. Re5 Ra5 29. c3 Qb6 30. Qe3 Kg8 31. Rxa5 Qxa5 32. Nc2 Qb5 33. Nb4 Bd7 34. Be2 Qf5 35. Bf3 Bb5 36. Qb6 Ba6 37. Re1 Kg7 38. Qd4 Qb5 39. Be2 Qa5 40. Bxa6 bxa6 41. Nc6 Qd5 42. Qxa4 Qd2 43. Rb1 Rc8 44. Nd4 Rb8 45. Nf3 Qe2 46. Nd4 Qe4 47. Qa1 Nxh5 48. g3 Qg4 49. Qxa6 Nxg3 50. fxg3 Qxg3+ 51. Kf1 Qf4+ 1/2-1/2